Score 0/14 Timer 01:00
0 Plays Today
% Correct
Amy Adams movie
93.4%
Bryan Adams song
92.9%
Bryan Adams song
88.3%
Amy Adams movie
88.3%
Bryan Adams song
86.3%
Bryan Adams song
85.3%
Amy Adams movie
84.9%
% Correct
Bryan Adams song
84.8%
Amy Adams movie
77.7%
Amy Adams movie
77.1%
Bryan Adams song
71%
Bryan Adams song
69.5%
Amy Adams movie
66%
Amy Adams movie
47.3%

Today's Daily Dose

Remove Ads.
Support Sporcle.
Get the best of Sporcle when you Go Orange. This ad-free experience offers more features, more stats, and more fun while also helping to support Sporcle. Thank you for becoming a member.

You're not logged in!

Compare scores with friends on all Sporcle quizzes.
OR
Log In

Show Comments

Extras

Top Quizzes Today


Score Distribution

Your Account Isn't Verified!

In order to create a playlist on Sporcle, you need to verify the email address you used during registration. Go to your Sporcle Settings to finish the process.

Report this User

Report this user for behavior that violates our Community Guidelines.

Details: